00699nam a2200217Ia 4500003000900000008004100009040001300050040001300063041000800076100002400084245008600108250000900194260002100203260000900224300000800233490000800241490000800249942000700257999001700264952020000281IT-RoPAU120407s9999 xx 000 0 und d aIT-RoPAU cIT-RoPAU aita aPieter van der Meer aTutto è amore. Incontri con Léon Bloy, Raissa Maritain, Christine e Pieterke. aRoma aEdizioni Paoline c1963 c cm aDds v143 cBK c17358d17358 00102ddc406208_25430000000000071aPAULUSbPAULUSd2012-04-11l0o208.2543r2012-04-11 00:00:00w2012-04-11yBKzInserito da: Jole In data: 12 settembre 2011 fondo: Via A.Severo 56 Progr:35760